| 000 | 00912nam a22001697a 4500 | ||
|---|---|---|---|
| 999 |
_c58818 _d58818 |
||
| 003 | Ge_BSU | ||
| 005 | 20221005134256.0 | ||
| 008 | 221005s2006 ge ||||| |||| 00| 0 geo d | ||
| 041 | _ageo | ||
| 080 | _a069(479.22) ს-32 | ||
| 245 |
_aსაქართველოს მუზეუმები = Georgian Museums : _bგზამკვლევი / _c [ავტ.: ინგა ქარაია, მაკა ბურჭულაძე, ლაშა ქარაია, სალომე ცისკარიშვილი] ; საქ. კულტურის, ძეგლთა დაცვისა და სპორტის სამინ. |
||
| 264 |
_a[თბ.], _c2006. |
||
| 300 |
_a180გვ. : _b ილ. ; _c21სმ. |
||
| 653 | _aმუზეუმები საქართველოში | ||
| 700 |
_aქარაია, ინგა., ავტ. _915058 |
||
| 942 |
_2udc _cBK |
||